| 000 | 00495cam a2200193ua 4500 | ||
|---|---|---|---|
| 001 | 1709 | ||
| 005 | 20260515113357.0 | ||
| 008 | 110716n xxk |||gr||||Z||||||eng | ||
| 040 | _cMAIN | ||
| 082 | _a330.9 | ||
| 100 | 1 | _aRobinson, Joan, | |
| 245 | 1 |
_aEconomics of imperfect competition _cby Joan Robinson |
|
| 250 | _a2nd. | ||
| 260 |
_alondon: _bMacmillan co. ltd.,969. |
||
| 300 |
_axvi; 352p: _c23cm. |
||
| 653 | _aEconomics | ||
| 653 | _aeconomics of impwerfect competition | ||
| 942 | _cBK | ||
| 999 |
_c1593 _d1593 |
||